000 00623nam a22002417a 4500
001 0170
003 DO-SdBNP
005 20160314140750.0
007 0170
008 151005b 200 2001 xxu 00| 0 spa d
020 _a043921727X
040 _aBPMSU
_bspa
_cBPMSU
092 _aXXXX
_bXXXX
100 1 _aWilliams, Laura E.
245 1 4 _aThe mystery of the bad luck curse /
_cLaura E. Williams
260 _aNew York :
_bScholastic,
_c2001.
300 _a113 p :
_bil.
_c20cm.
490 1 _aMystic lighhouse mysteries
830 0 _aMystic lighhouse mysteries
910 _a144
942 _2ddc
_cBK
956 _aYngrid Lockward
999 _c9223
_d9223